00339pam a2200109a 44500008004100000020002900041082001300070100002000083245008500103260003000188300001100218230405s2018 xxu||||| |||| 00| 0 eng d a9789386217608cRs. 650/- a612bSIN aSingh,Surrinder aPrinciples of Human Physiology for Courses in Nursing and Allied Health Sciences aNew DelhibCBS Pub.c2018 a384 p.